| 000 | 00366nam a2200133Ia 4500 | ||
|---|---|---|---|
| 008 | 231017s9999 xx 000 0 und d | ||
| 082 | _a380.508 | ||
| 082 | _bCRO | ||
| 245 | 0 | _aTraffic Safety Information Systems in Europe and Australia | |
| 245 | 0 | _cUS Department of Transportation | |
| 260 | _bUS Department of Transportation | ||
| 300 | _c30cm | ||
| 942 | _cREP | ||
| 999 |
_c605096 _d605096 |
||